[Event "East Lansing (MOR/6)"]
[Site "?"]
[Date "1991.??.??"]
[Round "?"]
[White "Sanborn, Neil"]
[Black "Fletcher, G."]
[Result "0-1"]
[WhiteElo "1605"]
[BlackElo "1605"]
[PlyCount "46"]
[EventDate "1991.??.??"]

1. e4 e5 2. Nf3 Nc6 3. Bb5 a6 4. Bxc6 dxc6 5. O-O Bg4 6. h3 Bxf3 7. Qxf3 Nf6 8.
d3 Be7 9. Be3 O-O 10. Qg3 Qd6 11. Bh6 Nh5 12. Qg4 Qxh6 13. Qf5 Qg5 14. Qd7 Nf4
15. g3 Rad8 16. Qxc7 Nxh3+ 17. Kh2 Bd6 18. Qxb7 Qh5 19. Qxc6 Nf4+ 20. Kg1 Qh3
21. gxf4 exf4 22. Qxa6 f3 23. Qxd6 Qg2# 0-1

[Event "East Lansing (MOR/5)"]
[Site "?"]
[Date "1991.??.??"]
[Round "?"]
[White "Russell, K."]
[Black "Vaughn, Gerald"]
[Result "1-0"]
[WhiteElo "1645"]
[BlackElo "1605"]
[PlyCount "111"]
[EventDate "1991.??.??"]

1. e4 c5 2. d4 cxd4 3. c3 dxc3 4. Nxc3 Nc6 5. Nf3 d6 6. Bc4 Nf6 7. O-O a6 8.
Re1 Ng4 9. Ng5 Nge5 10. Bb3 Bg4 11. Nxf7 Qd7 12. Nxe5 Nxe5 13. Qd5 e6 14. Qa5
Nd3 15. Ba4 b5 16. Bxb5 axb5 17. Qxa8+ Kf7 18. Re3 Nb4 19. Rg3 h5 20. f3 Nc2
21. Rb1 b4 22. fxg4 bxc3 23. Rf3+ Kg6 24. bxc3 hxg4 25. Rb7 Be7 26. Qxh8 Qxb7
27. Qe8+ Kh7 28. Rf4 Qb1 29. Rf1 Qb6+ 30. Kh1 Qa6 31. Rf2 Qd3 32. Qh5+ Kg8 33.
Qf7+ Kh7 34. Rd2 Qxe4 35. Qf2 Ne1 36. Qe2 Qxe2 37. Rxe2 Nd3 38. Rxe6 Bf6 39.
Ba3 Bxc3 40. Rxd6 Nf4 41. Bc5 Be5 42. Rd7 g3 43. Bd6 Nd3 44. Bxe5 Nf2+ 45. Kg1
gxh2+ 46. Bxh2 Ne4 47. a4 Nc5 48. Ra7 Kg8 49. Bd6 Ne4 50. Be7 Ng3 51. a5 Ne2+
52. Kf2 Nd4 53. a6 Nc6 54. Rc7 Nxe7 55. Rxe7 Kf8 56. Rb7 1-0

[Event "East Lansing (MOR/1)"]
[Site "?"]
[Date "1991.??.??"]
[Round "?"]
[White "Russell, K."]
[Black "Vangilder, W."]
[Result "1-0"]
[WhiteElo "1645"]
[BlackElo "1605"]
[PlyCount "33"]
[EventDate "1991.??.??"]

1. e4 c5 2. Nf3 d6 3. g3 g6 4. Bg2 Bg7 5. O-O e6 6. c3 Ne7 7. Re1 Nbc6 8. d4
cxd4 9. cxd4 O-O 10. Nc3 Rb8 11. Bg5 Qc7 12. d5 Bxc3 13. bxc3 Na5 14. Bf6 Nc4
15. Qc1 Nf5 16. exf5 Ne5 17. Qh6 1-0

[Event "East Lansing (MOR/7)"]
[Site "?"]
[Date "1991.??.??"]
[Round "?"]
[White "Russell, K."]
[Black "Hayes, Tim"]
[Result "0-1"]
[WhiteElo "1645"]
[BlackElo "1605"]
[PlyCount "140"]
[EventDate "1991.??.??"]

1. d4 Nf6 2. e3 d5 3. Bd3 c5 4. c3 c4 5. Bc2 Bg4 6. Nf3 Nbd7 7. O-O e5 8. h3
Bh5 9. Ba4 e4 10. g4 Nxg4 11. Ne5 Ngf6 12. Bxd7+ Ke7 13. Bg4 Nxg4 14. hxg4 Bg6
15. Nxg6+ hxg6 16. Kg2 Qd7 17. f3 Rh4 18. Kg3 g5 19. f4 f5 20. gxf5 Qxf5 21.
Rh1 Kf7 22. Rxh4 gxh4+ 23. Kxh4 Be7+ 24. Kg3 Rh8 25. Qg4 Qh7 26. Kf2 Qh2+ 27.
Qg2 Qh4+ 28. Ke2 Rh6 29. Kd1 Rg6 30. Qe2 Qh1+ 31. Kc2 Rg2 32. Qxg2 Qxg2+ 33.
Nd2 Bh4 34. b3 cxb3+ 35. axb3 a6 36. Ra5 Ke6 37. f5+ Kxf5 38. Rxd5+ Kf6 39. Re5
Be1 40. Rxe4 Bxd2 41. Rf4+ Ke6 42. Bxd2 g5 43. Rf8 g4 44. Kd1 Qh1+ 45. Be1 g3
46. Ke2 g2 47. Bf2 Qf1+ 48. Kd2 g1=Q 49. Bxg1 Qxf8 50. c4 Qf1 51. d5+ Kd6 52.
Bh2+ Kd7 53. Bf4 Qa1 54. Kc2 Qa2+ 55. Kc3 a5 56. Bh6 Qb1 57. Bf4 Qc1+ 58. Kd3
Qb2 59. e4 Qxb3+ 60. Kd4 Qb6+ 61. Ke5 a4 62. Kf5 a3 63. e5 a2 64. e6+ Ke7 65.
Bg5+ Ke8 66. Bf6 Qf2+ 67. Kg6 Qg3+ 68. Kh5 Qf3+ 69. Kg6 Qg4+ 70. Kh6 Qxc4 0-1

[Event "East Lansing (MOR/3)"]
[Site "?"]
[Date "1991.??.??"]
[Round "?"]
[White "Russell, K."]
[Black "Croel, Duane"]
[Result "0-1"]
[WhiteElo "1645"]
[BlackElo "1780"]
[PlyCount "157"]
[EventDate "1991.??.??"]

1. e4 c5 2. Nf3 d6 3. g3 Nc6 4. Bg2 Nf6 5. d3 e5 6. O-O Be7 7. Nc3 O-O 8. Nd5
h6 9. h3 Be6 10. Nh2 Qd7 11. g4 g5 12. Be3 Rab8 13. Qd2 Nh7 14. c3 Kg7 15. d4
f6 16. Nxe7 Nxe7 17. d5 Bf7 18. h4 Ng6 19. h5 Nf4 20. f3 b5 21. Rfd1 a5 22. Nf1
f5 23. Ng3 fxg4 24. Nf5+ Kh8 25. fxg4 Nf6 26. Bxf4 gxf4 27. Nxh6 Nxg4 28. Bh3
Bxh5 29. Bxg4 Bxg4 30. Qh2 Bxd1 31. Nf5+ Qh7 32. Qxh7+ Kxh7 33. Rxd1 Rf6 34.
Kf2 Rb7 35. Rh1+ Kg8 36. Nh6+ Kf8 37. Nf5 Ke8 38. Rh8+ Kd7 39. Rh7+ Kc8 40.
Ne7+ Rxe7 41. Rxe7 Kb8 42. b3 Rh6 43. Kg2 Rg6+ 44. Kf2 Rg3 45. c4 bxc4 46. bxc4
Rc3 47. Rd7 Rxc4 48. Rxd6 Rc2+ 49. Ke1 Rxa2 50. Rc6 Rc2 51. d6 Rc1+ 52. Ke2 Rh1
53. d7 Rh8 54. Re6 Rd8 55. Re8 Kc7 56. Rxe5 Kd6 57. Rf5 Rxd7 58. Rxf4 Re7 59.
Kd3 Ra7 60. Rf6+ Kc7 61. e5 Ra8 62. Kc4 Re8 63. Kd5 c4 64. Rf7+ Kb6 65. e6 c3
66. Rf3 Rc8 67. Rf1 Rd8+ 68. Ke5 c2 69. Rc1 Rc8 70. e7 Kb5 71. Kd6 Kb6 72. Kd7
Rc7+ 73. Ke8 Rc3 74. Kd7 Rd3+ 75. Ke8 Rd2 76. Rf1 Rd1 77. Rf6+ Kb7 78. Kf7 Re1
79. Re6 0-1

[Event "East Lansing (MOR/2)"]
[Site "?"]
[Date "1991.??.??"]
[Round "?"]
[White "Rumsey, S."]
[Black "Nicolli, Randy"]
[Result "1-0"]
[WhiteElo "1605"]
[BlackElo "1605"]
[PlyCount "95"]
[EventDate "1991.??.??"]

1. e4 e5 2. Nf3 Nf6 3. Nxe5 d6 4. Nf3 Nxe4 5. d4 d5 6. Bd3 f5 7. Ne5 Qf6 8. O-O
Be7 9. f3 Ng5 10. Bxg5 Qxg5 11. Qd2 f4 12. Re1 O-O 13. c4 Nc6 14. Nxc6 bxc6 15.
c5 Bf6 16. Bc2 Bf5 17. Bxf5 Qxf5 18. Na3 Rfe8 19. Nc2 Bh4 20. Re2 Rxe2 21. Qxe2
Qf6 22. Rd1 Qh6 23. Rd2 Bg3 24. h3 Qg6 25. Qd3 Qxd3 26. Rxd3 Re8 27. Kf1 Kf7
28. Rd2 g5 29. Re2 Rb8 30. b3 a5 31. Re5 Kf6 32. Re2 h5 33. Re5 Rh8 34. Ne1 g4
35. hxg4 hxg4 36. Kg1 gxf3 37. Nxf3 Rb8 38. Re2 a4 39. Rb2 Rb4 40. a3 Rxb3 41.
Rxb3 axb3 42. Kf1 Kf5 43. Nd2 b2 44. a4 Bh4 45. a5 Bf6 46. a6 Bxd4 47. a7 Be3
48. Nb1 1-0

[Event "East Lansing (MOR/6)"]
[Site "?"]
[Date "1991.??.??"]
[Round "?"]
[White "Rumsey, S."]
[Black "Mose, Greg"]
[Result "1-0"]
[WhiteElo "1605"]
[BlackElo "1665"]
[PlyCount "107"]
[EventDate "1991.??.??"]

1. e4 e5 2. Nf3 Nc6 3. Bb5 a6 4. Ba4 Nf6 5. O-O Bc5 6. d3 h6 7. Nc3 b5 8. Bb3
O-O 9. Bd2 d6 10. h3 Na5 11. Nd5 Nxb3 12. Nxf6+ Qxf6 13. axb3 c6 14. Re1 Re8
15. Be3 Bxe3 16. Rxe3 d5 17. exd5 cxd5 18. Qe1 e4 19. c3 Bd7 20. dxe4 dxe4 21.
Rxe4 Rxe4 22. Qxe4 Bc6 23. Qd4 Qg6 24. Qd1 Be4 25. b4 Qf6 26. Nd4 Rd8 27. f3
Bb7 28. Qd2 g5 29. Re1 Qg7 30. Qe3 Qf6 31. Qe7 Qxe7 32. Rxe7 Bc8 33. Kf2 Kg7
34. g4 Kg6 35. Ke2 Bd7 36. b3 Re8 37. Rxe8 Bxe8 38. c4 bxc4 39. bxc4 Kf6 40. b5
axb5 41. cxb5 Ke5 42. Ke3 Kd5 43. b6 Bc6 44. Nxc6 Kxc6 45. Ke4 Kxb6 46. Ke5 Kc5
47. Kf6 Kd4 48. Kxf7 Ke3 49. Kg6 Kxf3 50. Kxh6 Kf4 51. Kg6 Kg3 52. Kxg5 Kxh3
53. Kh5 Kg3 54. g5 1-0

[Event "East Lansing (MOR/5)"]
[Site "?"]
[Date "1991.??.??"]
[Round "?"]
[White "Rumsey, S."]
[Black "Calton, David A"]
[Result "1-0"]
[WhiteElo "1605"]
[BlackElo "1655"]
[PlyCount "121"]
[EventDate "1991.??.??"]

1. e4 d6 2. d4 Nf6 3. Nc3 g6 4. f4 Bg7 5. Nf3 O-O 6. Be3 Nc6 7. d5 Nb4 8. a3
Na6 9. Bd3 Nc5 10. Bxc5 dxc5 11. h3 b6 12. g4 Bb7 13. Qd2 c6 14. dxc6 Bxc6 15.
O-O-O Qc7 16. Qe3 Rfd8 17. e5 Bxf3 18. Qxf3 Ne8 19. Be4 Rac8 20. Nd5 Qd7 21.
Nf6+ exf6 22. Rxd7 Rxd7 23. Bc6 Re7 24. Bxe8 Rcxe8 25. exf6 Bxf6 26. c3 Re3 27.
Qb7 R8e7 28. Qa6 Re1+ 29. Rxe1 Rxe1+ 30. Kc2 Re7 31. Qc8+ Kg7 32. g5 Re2+ 33.
Kd1 Rxb2 34. gxf6+ Kxf6 35. Qh8+ Kf5 36. Qxh7 Kxf4 37. Qxf7+ Kg3 38. Qxg6+ Kxh3
39. Qh7+ Kg3 40. Qxa7 Kf3 41. Kc1 Re2 42. Qxb6 Ke3 43. Qxc5+ Kd3 44. Qb5+ Ke3
45. Qxe2+ Kxe2 46. Kc2 Ke3 47. Kb3 Ke4 48. Kb4 Kd5 49. Kb5 Kd6 50. c4 Kc7 51.
a4 Kb7 52. Kc5 Kc7 53. a5 Kb7 54. Kd6 Kc8 55. c5 Kb7 56. a6+ Kb8 57. Kd7 Ka8
58. c6 Kb8 59. c7+ Ka7 60. c8=R Kb6 61. Kd6 1-0

[Event "Detroit (MI Action/5)"]
[Site "?"]
[Date "1991.??.??"]
[Round "?"]
[White "Ruelas, Erik"]
[Black "Frazier, L."]
[Result "0-1"]
[WhiteElo "1605"]
[BlackElo "1605"]
[PlyCount "28"]
[EventDate "1991.??.??"]

1. e4 e5 2. Nf3 Bc5 3. Nxe5 Qf6 4. Nf3 Nh6 5. d3 Ng4 6. Be3 Bxe3 7. fxe3 Nxe3
8. Qd2 Qf4 9. g3 Qxf3 10. Bg2 Nxg2+ 11. Qxg2 Qxg2 12. Rf1 O-O 13. Rf2 Qg1+ 14.
Ke2 Re8 0-1

[Event "Detroit (MI Action/4)"]
[Site "?"]
[Date "1991.??.??"]
[Round "?"]
[White "Ruelas, Erik"]
[Black "Davis, Ralph"]
[Result "0-1"]
[WhiteElo "1605"]
[BlackElo "1605"]
[PlyCount "58"]
[EventDate "1991.??.??"]

1. e4 c5 2. Nf3 e6 3. d3 Nf6 4. Nc3 a6 5. g3 d5 6. Bg2 dxe4 7. dxe4 Qxd1+ 8.
Nxd1 Nxe4 9. O-O Be7 10. Re1 Nf6 11. Ne5 Nbd7 12. Nxd7 Nxd7 13. Nc3 Rb8 14. b3
O-O 15. Ba3 Re8 16. Rad1 b5 17. Ne4 b4 18. Bb2 Bb7 19. Nd6 Bxd6 20. Rxd6 Bxg2
21. Kxg2 Nb6 22. Be5 Rb7 23. c4 f6 24. Bf4 e5 25. Be3 Rc8 26. Red1 Kf7 27. Rd8
Rxd8 28. Rxd8 Nd7 29. Ra8 Rb6 0-1

[Event "East Lansing (MOR/7)"]
[Site "?"]
[Date "1991.??.??"]
[Round "?"]
[White "Rubel, J."]
[Black "Williams, BM."]
[Result "0-1"]
[WhiteElo "1605"]
[BlackElo "1680"]
[PlyCount "82"]
[EventDate "1991.??.??"]

1. f4 d5 2. b3 Nf6 3. Bb2 e6 4. Nf3 Bd6 5. e3 c5 6. Be2 Nc6 7. O-O Bd7 8. Ne5
Qc7 9. Nxd7 Kxd7 10. Nc3 a6 11. Bf3 h5 12. h4 Ne7 13. Qe1 Nf5 14. Ne2 Ng4 15.
Ng3 Nxh4 16. Bxg4 hxg4 17. Bxg7 Rh7 18. Bf6 Be7 19. Bxe7 Kxe7 20. Qe2 f5 21.
Nh1 Rah8 22. Ng3 Qd8 23. Kf2 Nxg2 24. Rh1 Nh4 25. Rh2 Nf3 26. Rxh7+ Rxh7 27.
Rh1 Rxh1 28. Nxh1 Qh8 29. Qf1 Qh2+ 30. Qg2 Qxg2+ 31. Kxg2 Nxd2 32. Ng3 b5 33.
Kf2 Ne4+ 34. Nxe4 dxe4 35. c3 Kf6 36. Kg3 Kg6 37. Kh4 Kh6 38. c4 b4 39. Kg3 Kh5
40. Kg2 Kh4 41. Kh2 g3+ 0-1

[Event "East Lansing (MOR/5)"]
[Site "?"]
[Date "1991.??.??"]
[Round "?"]
[White "Rubel, J."]
[Black "Short, T."]
[Result "1/2-1/2"]
[WhiteElo "1605"]
[BlackElo "1605"]
[PlyCount "73"]
[EventDate "1991.??.??"]

1. f4 d5 2. b3 e6 3. Bb2 Nf6 4. Nf3 Nc6 5. e3 b6 6. Bb5 Bb7 7. Ne5 a6 8. Bxc6+
Bxc6 9. Nxc6 Qd7 10. Ne5 Qc8 11. O-O Bc5 12. Ng4 Be7 13. Nxf6+ Bxf6 14. Bxf6
gxf6 15. Qg4 Ke7 16. f5 e5 17. Qb4+ Kd7 18. c4 Qb7 19. d3 Rhg8 20. Qd2 Rg5 21.
cxd5 Qxd5 22. e4 Qd4+ 23. Kh1 Qxa1 24. Qe2 Qd4 25. a4 Rag8 26. g3 h5 27. Nd2
Qb2 28. Qd1 Qc3 29. Nf3 Rg4 30. Kg2 Qb2+ 31. Rf2 Qc3 32. Kf1 c5 33. Ra2 a5 34.
Ke2 Kd6 35. Qb1 Qb4 36. Qa1 Rh8 37. Ke3 1/2-1/2

[Event "East Lansing (MOR/1)"]
[Site "?"]
[Date "1991.??.??"]
[Round "?"]
[White "Rubel, J."]
[Black "Hunt, D."]
[Result "1-0"]
[WhiteElo "1605"]
[BlackElo "1605"]
[PlyCount "33"]
[EventDate "1991.??.??"]

1. f4 d5 2. b3 f6 3. Bb2 Nd7 4. e3 g6 5. f5 Nh6 6. fxg6 hxg6 7. Nf3 g5 8. Bd3
Nf7 9. Bg6 Rh6 10. Bxf7+ Kxf7 11. O-O Kg6 12. Qe2 Nc5 13. d3 c6 14. Qf2 Qc7 15.
h3 Bxh3 16. Ne5+ fxe5 17. Qf7# 1-0

[Event "East Lansing (MOR/3)"]
[Site "?"]
[Date "1991.??.??"]
[Round "?"]
[White "Rubel, J."]
[Black "Baker, T."]
[Result "0-1"]
[WhiteElo "1605"]
[BlackElo "1605"]
[PlyCount "58"]
[EventDate "1991.??.??"]

1. f4 Nf6 2. b3 d5 3. Bb2 e6 4. Nf3 Be7 5. e3 b6 6. Ne5 Bb7 7. Bd3 Nbd7 8. Bb5
O-O 9. Bc6 Bxc6 10. Nxc6 Qe8 11. Nxe7+ Qxe7 12. O-O Rad8 13. Nc3 a6 14. Ne2 c5
15. a4 e5 16. fxe5 Nxe5 17. Nf4 Neg4 18. h3 Ne5 19. Nh5 Rd6 20. Nxf6+ Rxf6 21.
Qh5 Re6 22. d4 Ng6 23. Qxd5 Rxe3 24. Qc6 Re6 25. Qf3 Re2 26. Rac1 Nh4 27. Qd5
Rxg2+ 28. Kh1 Qc7 29. Qe5 Qd7 0-1

[Event "Ann Arbor (HVA/3/5)"]
[Site "?"]
[Date "1991.??.??"]
[Round "?"]
[White "Rostrom, Richard"]
[Black "Skidmore, Mike"]
[Result "0-1"]
[WhiteElo "1660"]
[BlackElo "1900"]
[PlyCount "68"]
[EventDate "1991.??.??"]

{3/(5)} 1. c4 Nf6 2. Nc3 c6 3. g3 d5 4. cxd5 Nxd5 5. Bg2 Nf6 6. Nf3 Bg4 7. O-O
e6 8. d3 Nbd7 9. Bf4 Nd5 10. Ne4 Nxf4 11. gxf4 Qc7 12. Qc1 h6 13. e3 Be7 14.
Qc3 O-O-O 15. Ne5 Bf6 16. Nxf6 Nxf6 17. Nxc6 bxc6 18. Bxc6 Nd5 19. Qc4 Kb8 20.
Qb5+ Qb6 21. Rfc1 Qxb5 22. Bxb5 Rc8 23. Kg2 Rxc1 24. Rxc1 Rc8 25. Rxc8+ Kxc8
26. Kg3 Bh5 27. e4 Nc7 28. Bc6 Be2 29. d4 Bb5 30. d5 Bxc6 31. dxc6 Nb5 32. e5
Nd4 33. Kg4 Kc7 34. h4 Kxc6 0-1

[Event "East Lansing (MOR/2)"]
[Site "?"]
[Date "1991.??.??"]
[Round "?"]
[White "Rostrom, Richard"]
[Black "Moore, H."]
[Result "1-0"]
[WhiteElo "1690"]
[BlackElo "1605"]
[PlyCount "85"]
[EventDate "1991.??.??"]

1. c4 g6 2. g3 Bg7 3. Bg2 c6 4. Nc3 d6 5. Nf3 Nf6 6. d3 Nbd7 7. O-O e5 8. e4
O-O 9. Rb1 Nb6 10. Bg5 Be6 11. a3 Qc7 12. b4 d5 13. c5 Nbd7 14. Qc1 d4 15. Ne2
b6 16. Bh6 bxc5 17. Bxg7 Kxg7 18. bxc5 Qa5 19. Ng5 Bg4 20. f3 h6 21. fxg4 hxg5
22. Qxg5 Qxc5 23. h4 Nh7 24. Qc1 Rab8 25. Rxb8 Rxb8 26. g5 Qxc1 27. Rxc1 c5 28.
Bh3 Nhf8 29. Bg4 Rb3 30. a4 Rxd3 31. Rb1 c4 32. h5 gxh5 33. Bxh5 Nc5 34. Rf1
Nxe4 35. Rxf7+ Kg8 36. Re7 Nxg3 37. Bf7+ Kh8 38. Bxc4 Nxe2+ 39. Kf2 Re3 40.
Bxe2 d3 41. Kxe3 dxe2 42. Kxe2 Ng6 43. Rxa7 1-0

[Event "Detroit (HPO/1/5)"]
[Site "?"]
[Date "1991.??.??"]
[Round "?"]
[White "Rostrom, Richard"]
[Black "Laren, Philip"]
[Result "0-1"]
[WhiteElo "1660"]
[BlackElo "2210"]
[PlyCount "76"]
[EventDate "1991.??.??"]

{1/(5)} 1. c4 e6 2. Nc3 d5 3. cxd5 exd5 4. d4 c5 5. Nf3 Nc6 6. g3 Nf6 7. Bg2
Be7 8. O-O O-O 9. a3 c4 10. Re1 Be6 11. b3 Ne4 12. Bb2 cxb3 13. Qxb3 Rc8 14. e3
Na5 15. Qc2 Nc4 16. Rec1 Nxc3 17. Bxc3 Bxa3 18. Rcb1 Qd7 19. Qb3 Bf5 20. Rd1
Qc6 21. Bb4 Bxb4 22. Qxb4 Bc2 23. Rdc1 a5 24. Qc5 Be4 25. Qxc6 Rxc6 26. Ne5
Nxe5 27. Bxe4 Rxc1+ 28. Rxc1 dxe4 29. dxe5 a4 30. Kf1 b5 31. Ke1 b4 32. Kd2
Rd8+ 33. Kc2 Rc8+ 34. Kb2 Rxc1 35. Kxc1 Kf8 36. g4 Ke7 37. h4 Ke6 38. Kb2 Kxe5
0-1

[Event "Flint (MI Senior/2)"]
[Site "?"]
[Date "1991.??.??"]
[Round "?"]
[White "Rostrom, Richard"]
[Black "LaForge, Tom"]
[Result "0-1"]
[WhiteElo "1715"]
[BlackElo "1960"]
[PlyCount "82"]
[EventDate "1991.??.??"]

1. c4 Nf6 2. g3 e6 3. Bg2 d5 4. cxd5 exd5 5. d4 Be7 6. Nf3 O-O 7. O-O c6 8. Nc3
Bf5 9. Nh4 Be6 10. Nf3 Qc8 11. Ng5 Bf5 12. e4 dxe4 13. Ngxe4 Nxe4 14. Nxe4 Rd8
15. Be3 Na6 16. Qe2 Qe6 17. Qf3 Nb4 18. Nc5 Bxc5 19. dxc5 Nc2 20. Rac1 Nxe3 21.
fxe3 Bg6 22. a3 Rd2 23. Rf2 Rad8 24. Rxd2 Rxd2 25. Qf4 h6 26. b4 Qa2 27. Qf1
Qxa3 28. Rd1 Qxe3+ 29. Kh1 Rxd1 30. Qxd1 Be4 31. Qg1 Qxg1+ 32. Kxg1 Bxg2 33.
Kxg2 Kf8 34. Kf3 Ke7 35. Ke4 Ke6 36. g4 b6 37. Kd4 g6 38. h4 f5 39. gxf5+ Kxf5
40. b5 bxc5+ 41. Kxc5 cxb5 0-1

[Event "Ann Arbor (HVA/2/10)"]
[Site "?"]
[Date "1991.??.??"]
[Round "?"]
[White "Rostrom, Richard"]
[Black "Houston, Ryan"]
[Result "1-0"]
[WhiteElo "1660"]
[BlackElo "1605"]
[PlyCount "113"]
[EventDate "1991.??.??"]

{2/(10)} 1. c4 Nf6 2. Nc3 g6 3. g3 Bg7 4. Bg2 O-O 5. Nf3 Nc6 6. O-O b6 7. d4 e6
8. d5 exd5 9. cxd5 Ne7 10. e4 Bb7 11. Bf4 d6 12. Qc1 h6 13. Bxh6 Ba6 14. Re1
Ng4 15. Bxg7 Kxg7 16. Qg5 Nf6 17. Nd4 Qd7 18. Qd2 Rh8 19. Nc6 Nxc6 20. dxc6 Qe6
21. Nd5 Nxd5 22. exd5 Qf6 23. Re3 Qg5 24. Qc3+ Kg8 25. Rae1 Kh7 26. Re7 Rhf8
27. h4 Qf5 28. Qf3 Qxf3 29. Bxf3 Rac8 30. Bg4 Rb8 31. b3 Bc8 32. Bf3 Ba6 33.
Rxc7 Ra8 34. Ree7 Kg7 35. h5 Bd3 36. Red7 Rae8 37. hxg6 Re1+ 38. Kh2 Rh8+ 39.
Bh5 Rxh5+ 40. Kg2 Be4+ 41. f3 Bxg6 42. Rxa7 Rhe5 43. g4 Rxd5 44. c7 Rc1 45. f4
Be4+ 46. Kg3 Rd3+ 47. Kh4 Rh1+ 48. Kg5 Rc1 49. f5 Bd5 50. Rxd6 f6+ 51. Rxf6 Kg8
52. Rd6 Be4 53. Rd8+ Kf7 54. c8=Q+ Bb7 55. Qxb7+ Rc7 56. Qxc7+ Rd7 57. Qxd7#
1-0

[Event "East Lansing (MOR/6)"]
[Site "?"]
[Date "1991.??.??"]
[Round "?"]
[White "Rostrom, Richard"]
[Black "Foord, Allan"]
[Result "0-1"]
[WhiteElo "1690"]
[BlackElo "1605"]
[PlyCount "102"]
[EventDate "1991.??.??"]

1. c4 Nf6 2. g3 g6 3. Bg2 Bg7 4. Nf3 d5 5. cxd5 Nxd5 6. e4 Nb6 7. Nc3 Qd3 8.
Qe2 Qxe2+ 9. Nxe2 c5 10. O-O Nc6 11. Nc3 Bd7 12. Rb1 O-O 13. b3 Rac8 14. Bb2
Nb4 15. Rfd1 Nd3 16. Ne1 Nxb2 17. Rxb2 Bc6 18. Rc2 Rfd8 19. Rdc1 e6 20. Nf3 Rd3
21. Ne1 Rd6 22. a4 a5 23. Nb5 Bxb5 24. axb5 Nd7 25. Nf3 b6 26. Rd1 Rd3 27. Rb1
Rd8 28. Ne1 Rd6 29. Nf3 Ne5 30. Nxe5 Bxe5 31. f4 Bg7 32. Rd1 Rd3 33. e5 Rxb3
34. Bc6 f6 35. d4 Rxd4 36. Rxd4 cxd4 37. Bd7 Kf7 38. Rc7 Rc3 39. Bc6+ Kg8 40.
Rc8+ Bf8 41. exf6 Kf7 42. g4 h6 43. g5 hxg5 44. fxg5 Bd6 45. Be8+ Kg8 46. Bc6+
Bf8 47. Rd8 a4 48. Bd7 Re3 49. Be8 a3 50. Ra8 d3 51. Rd8 a2 0-1

[Event "Flint (MI Senior/4)"]
[Site "?"]
[Date "1991.??.??"]
[Round "?"]
[White "Rostrom, Richard"]
[Black "Finegold, Ron"]
[Result "0-1"]
[WhiteElo "1715"]
[BlackElo "2165"]
[PlyCount "94"]
[EventDate "1991.??.??"]

1. c4 g6 2. g3 Bg7 3. Bg2 e5 4. e4 Nc6 5. Ne2 h5 6. h4 d6 7. Nbc3 Bg4 8. f3 Be6
9. d3 Qd7 10. Bg5 Nd4 11. Nxd4 exd4 12. Nd5 c6 13. Nf4 Be5 14. Kf2 Bxf4 15.
Bxf4 f6 16. Qa4 Ne7 17. Qb4 c5 18. Qb5 Nc6 19. a3 O-O 20. b4 b6 21. bxc5 bxc5
22. Qb1 Rab8 23. Qf1 Rb3 24. Bh3 Bxh3 25. Qxh3 Qxh3 26. Rxh3 Ne5 27. Bxe5 fxe5
28. Rd1 Rxa3 29. Rd2 Ra1 30. Kg2 a5 31. Rh1 Rxh1 32. Kxh1 Rxf3 33. Kg2 Rf8 34.
Ra2 Ra8 35. Kf2 Kf7 36. Ke1 Ke6 37. Kd1 a4 38. Kc1 Kd7 39. Kb1 Rb8+ 40. Kc2 Rb4
41. Ra3 Kc6 42. Ra2 Kb6 43. Ra3 Ka5 44. Ra2 Rb3 45. Kd2 Kb4 46. Rc2 a3 47. Ra2
Rb2+ 0-1

[Event "Detroit (HPO/4/29)"]
[Site "?"]
[Date "1991.??.??"]
[Round "?"]
[White "Rostrom, Richard"]
[Black "Edens, Samuel"]
[Result "1-0"]
[WhiteElo "1660"]
[BlackElo "1605"]
[PlyCount "91"]
[EventDate "1991.??.??"]

{4/(29)} 1. c4 Nf6 2. g3 g6 3. Bg2 Bg7 4. Nc3 d6 5. d3 e5 6. e4 Be6 7. Bg5 Nc6
8. Nf3 O-O 9. O-O Ne7 10. Qd2 Qd7 11. Rac1 c6 12. c5 Ne8 13. Bh6 f6 14. Be3 d5
15. d4 Rd8 16. Rfd1 dxe4 17. Nxe4 Bd5 18. Nc3 Nf5 19. dxe5 Nxe3 20. Qxe3 fxe5
21. Nxe5 Qe6 22. Nc4 Qxe3 23. Nxe3 Nc7 24. Nexd5 cxd5 25. Nxd5 Nxd5 26. Bxd5+
Kh8 27. b4 Bb2 28. Rb1 Bc3 29. b5 Rf5 30. Bxb7 Rxd1+ 31. Rxd1 Rxc5 32. Rd8+ Kg7
33. Rc8 Rxb5 34. Rxc3 Rxb7 35. Rb3 Rc7 36. Kg2 Kh6 37. a4 Rc4 38. a5 Rc6 39. h3
a6 40. Rb6 Rc8 41. Rxa6 Rb8 42. g4 Rf8 43. Kg3 Kg7 44. Ra7+ Kh6 45. h4 Re8 46.
g5+ 1-0

[Event "Ann Arbor (HVA/5/12)"]
[Site "?"]
[Date "1991.??.??"]
[Round "?"]
[White "Rostrom, Richard"]
[Black "Carpenter, O."]
[Result "1-0"]
[WhiteElo "1660"]
[BlackElo "1605"]
[PlyCount "31"]
[EventDate "1991.??.??"]

{5/(12)} 1. c4 Nf6 2. Nc3 g6 3. g3 Bg7 4. Bg2 d6 5. Nf3 Nbd7 6. O-O O-O 7. d3
e5 8. Be3 c6 9. Nd2 Nh5 10. Nde4 Ndf6 11. Qc1 Nxe4 12. Nxe4 f5 13. Nc3 f4 14.
Bd2 Bf5 15. Ne4 Bh6 16. f3 1-0

[Event "East Lansing (MOR/4)"]
[Site "?"]
[Date "1991.??.??"]
[Round "?"]
[White "Rostrom, Richard"]
[Black "Cain, B."]
[Result "1-0"]
[WhiteElo "1690"]
[BlackElo "1605"]
[PlyCount "79"]
[EventDate "1991.??.??"]

1. c4 Nf6 2. g3 c6 3. Bg2 d5 4. cxd5 cxd5 5. d4 e6 6. Nf3 Be7 7. O-O O-O 8. Nc3
Nc6 9. a3 Bd7 10. Re1 Ne4 11. Bf4 g5 12. Be3 f5 13. Qc1 f4 14. gxf4 gxf4 15.
Bxf4 Bh4 16. Nxe4 dxe4 17. Nxh4 Qxh4 18. Bg3 Qf6 19. e3 Qf5 20. Qc2 Rac8 21.
Qxe4 Qxe4 22. Bxe4 Na5 23. Rac1 Bc6 24. Bxc6 bxc6 25. Rc5 Nb3 26. Rg5+ Kf7 27.
Be5 Rg8 28. Rg3 Rg6 29. Kh1 Rcg8 30. Reg1 Nd2 31. Rxg6 hxg6 32. Rc1 Rc8 33. Kg2
g5 34. Rc2 Nb1 35. Kf3 Kg6 36. Ke2 Kf5 37. Rc1 Nxa3 38. bxa3 Ke4 39. f3+ Kd5
40. e4# 1-0

[Event "East Lansing (MOR/7)"]
[Site "?"]
[Date "1991.??.??"]
[Round "?"]
[White "Rostrom, Richard"]
[Black "Anderson, D."]
[Result "1-0"]
[WhiteElo "1690"]
[BlackElo "1605"]
[PlyCount "51"]
[EventDate "1991.??.??"]

1. c4 Nf6 2. g3 g6 3. Bg2 Bg7 4. Nc3 O-O 5. Nf3 d6 6. O-O e5 7. d3 Nh5 8. e4 f5
9. exf5 gxf5 10. Bg5 Nf6 11. Nd5 c6 12. Nxf6+ Bxf6 13. Bxf6 Qxf6 14. Nh4 Kh8
15. Qh5 Nd7 16. f4 Qf7 17. Qf3 Nc5 18. Qe2 Re8 19. Qd2 Ne6 20. fxe5 dxe5 21.
Nxf5 Qc7 22. Qh6 Ng7 23. Nh4 Kg8 24. Be4 Bf5 25. Nxf5 Rf8 26. Ne7+ 1-0

[Event "East Lansing (MOR/3)"]
[Site "?"]
[Date "1991.??.??"]
[Round "?"]
[White "Rosenberg, Steve"]
[Black "Williams, Eddie"]
[Result "1-0"]
[WhiteElo "1770"]
[BlackElo "1605"]
[PlyCount "75"]
[EventDate "1991.??.??"]

1. Nf3 Nc6 2. g3 e5 3. d3 d5 4. Bg2 Nf6 5. Bg5 Be7 6. O-O O-O 7. Nc3 Bf5 8. Nh4
Be6 9. e4 d4 10. Ne2 h6 11. Bd2 Ng4 12. Nf3 Nf6 13. h3 Qd7 14. Kh2 Ne8 15. g4
f6 16. Nh4 Bf7 17. Nf5 Nd6 18. Neg3 Bg6 19. f4 Bxf5 20. gxf5 Kf7 21. Qh5+ Kg8
22. Qg4 Rf7 23. Nh5 Kh8 24. Rg1 Rg8 25. Bf3 Qd8 26. Rg2 Qf8 27. Qg6 Bd8 28.
Rag1 Ne7 29. Qg3 Nc6 30. fxe5 Nxe5 31. Nf4 Nxf3+ 32. Qxf3 Qe8 33. Ne6 Kh7 34.
Rg6 Qe7 35. Qh5 Re8 36. Bxh6 Kg8 37. Bxg7 Rxg7 38. Rxg7+ 1-0

[Event "East Lansing (MOR/5)"]
[Site "?"]
[Date "1991.??.??"]
[Round "?"]
[White "Rosenberg, Steve"]
[Black "Smith, Robert"]
[Result "0-1"]
[WhiteElo "1770"]
[BlackElo "1695"]
[PlyCount "70"]
[EventDate "1991.??.??"]

1. Nf3 Nf6 2. g3 d5 3. Bg2 b6 4. d4 Nbd7 5. b3 Bb7 6. Bb2 e6 7. Nbd2 Be7 8. O-O
Ng4 9. e3 Ndf6 10. h3 h5 11. hxg4 Nxg4 12. Bh3 f5 13. Bxg4 hxg4 14. Ne5 Rh6 15.
Kg2 Bd6 16. Nd3 Qf6 17. Rh1 O-O-O 18. Rxh6 gxh6 19. Qh1 h5 20. Qh4 Qg7 21. Rh1
Rh8 22. Nf4 Bxf4 23. exf4 c5 24. c3 Kd7 25. f3 Ba6 26. fxg4 fxg4 27. Re1 Qg6
28. dxc5 bxc5 29. c4 Qc2 30. Bc1 dxc4 31. Qf6 Re8 32. Kg1 Bb7 33. bxc4 Qd3 34.
Qe5 Qxg3+ 35. Kf1 Qg2# 0-1

[Event "East Lansing (MOR/1)"]
[Site "?"]
[Date "1991.??.??"]
[Round "?"]
[White "Rosenberg, Steve"]
[Black "Rumsey, S."]
[Result "1-0"]
[WhiteElo "1770"]
[BlackElo "1605"]
[PlyCount "76"]
[EventDate "1991.??.??"]

1. Nf3 Nf6 2. g3 d5 3. Bg2 Bf5 4. d3 e6 5. O-O Bd6 6. Bg5 h6 7. Bxf6 Qxf6 8.
Nc3 c6 9. Re1 O-O 10. e4 Bg4 11. e5 Bxe5 12. Rxe5 Bxf3 13. Qe1 Bxg2 14. Kxg2
Nd7 15. Re3 Rfe8 16. Ne2 Qxb2 17. Qd1 Qf6 18. Rb1 b6 19. Nf4 g6 20. Qe2 Re7 21.
Re1 Rae8 22. Rf3 Qd4 23. Qd2 Kg7 24. c3 Qc5 25. d4 Qc4 26. Nd3 c5 27. Qf4 cxd4
28. cxd4 e5 29. Nxe5 Nxe5 30. Rxe5 Qc6 31. h4 f5 32. Rfe3 Rxe5 33. Rxe5 b5 34.
Qe3 Rxe5 35. Qxe5+ Kf7 36. Qh8 Qb6 37. Qh7+ Kf6 38. Qxh6 Qxd4 1-0